| 000 | 01069cam a22002777a 4500 | ||
|---|---|---|---|
| 001 | 2805 | ||
| 003 | FISKH | ||
| 005 | 20240116090327.0 | ||
| 008 | 070913s2007 cb ab b 000 0 eng | ||
| 010 | _a 2007305686 | ||
| 020 | _a9995060043 | ||
| 040 |
_aDLC _cDLC _dDLC |
||
| 042 | _alcode | ||
| 050 | 0 | 0 | _aMLCM 2009/41238 (H) |
| 082 | _a959.6 | ||
| 100 | 1 | _aKhamboly Dy. | |
| 245 | 1 | 2 |
_aA history of Democratic Kampuchea, 1975-1979 / _cKhamboly Dy. |
| 260 |
_aPhnom Penh : _bDocumentation Center of Cambodia, _c2007. |
||
| 300 |
_a73 pages : _bcolor illustrations, maps ; _c28 cm. |
||
| 504 | _aIncludes bibliographical references (p. 67-69). | ||
| 521 | 8 | _aProvided with the support of the Embassy of the Federal Republic of Germany in Phnom Penh to benefit grade 9,10, 11 and 12 students of Cambodian High schools. | |
| 710 | 2 | _aDocumentation Center of Cambodia. | |
| 906 |
_a7 _bcbc _corigode _d4 _encip _f20 _gy-gencatlg |
||
| 942 |
_2lcc _cBK _n0 |
||
| 999 |
_c2805 _d2805 |
||